CONIFA (Non FIFA) Members - Statistics

General Stats
  • This quiz has been taken 51 times
    37 since last reset
  • The average score is 9 of 58
Answer Stats
Continent Member % Correct
Oceania Kiribati
62%
Oceania Tuvalu
57%
Europe Abkhazia
52%
Europe South Ossetia
52%
Europe Greenland
38%
Asia Tibet
38%
Oceania Hawaii
33%
Europe Jersey
33%
Europe Monaco
33%
Africa Somaliland
33%
Europe Transnistria
33%
Asia Kurdistan
29%
Europe Northern Cyprus
29%
Europe Artsakh
24%
Europe Padania
24%
North America Cascadia
19%
Africa Western Sahara
19%
Africa Zanzibar
19%
Africa Darfur
14%
Europe Donetsk People's Republic
14%
Europe Luhansk People's Republic
14%
Asia Panjab
14%
North America Québéc
14%
Africa Chagos Islands
10%
Europe Cornwall
10%
Europe County of Nice
10%
Asia East Turkestan
10%
Asia Karen
10%
Asia Lezghian
10%
South America Mapuche
10%
Oceania Mariya
10%
Africa Matabeleland
10%
Europe Occitania
10%
South America Rapa Nui
10%
Europe Sápmi
10%
Europe Sardinia
10%
Asia Tamil Eelam
10%
Europe Western Armenia
10%
Asia West Papua
10%
Asia Arameans Suryoye
5%
Africa Barawa
5%
Africa Barotseland
5%
Europe Chameria
5%
Europe Délvidék
5%
Europe Ellan Vannin
5%
Europe Felvidék
5%
Europe Franconia
5%
Africa Kabylia
5%
Europe Kárpátalja
5%
Europe Lazistan
5%
Europe Raetia
5%
Asia Rohingya
5%
Europe Romani People
5%
Asia Ryukyu
5%
Europe Skaneland
5%
Europe Székely Land
5%
Asia United Koreans in Japan
5%
Europe Yorkshire
5%
No matching quizzes found
Score Distribution
Percent of People with Each Score
Percentile by Number Answered
Your Score History
You have not taken this quiz since the last reset